|
|
|
|
| LEADER |
00603cam a2200205 7i4500 |
| 001 |
0000043437 |
| 005 |
20151104090000.0 |
| 005 |
##20151104153800.0 |
| 002 |
##000003669 |
| 003 |
##MY-KlINT |
| 008 |
151104 00010 eng |
| 020 |
# |
# |
|a 0256022763
|
| 039 |
# |
9 |
|y 201511041538
|z VLOAD
|
| 090 |
0 |
0 |
|a 650.0212 VAN
|
| 100 |
1 |
# |
|a Van Matre, Joseph G.
|
| 245 |
0 |
0 |
|a Statistics for business and economics /
|c Joseph G. Van Matre and Glenn H. Gilbreath..
|
| 260 |
# |
# |
|a Dallas:
|b Business Publication,
|c 1980.
|
| 300 |
# |
# |
|a xiii, 589 p;
|c 24cm.
|
| 650 |
# |
0 |
|a Economi --
|x Statistics
|
| 650 |
# |
0 |
|a Busines --
|x Statistics
|